World law articles in english
| Formato: | Desconocido |
|---|---|
| Lenguaje: | inglés |
| Publicado: |
London :
Mondaq,
2008
|
| Materias: | |
| Acceso en línea: | Acceso restringido |
MARC
| LEADER | 00000ny a22000003n 4500 | ||
|---|---|---|---|
| 005 | 20110617151249.0 | ||
| 008 | 020524n2008 enk s 0 0 eng d | ||
| 035 | |a 1886 | ||
| 040 | |a BUS |d vLex | ||
| 090 | |c 849 |d 849 | ||
| 245 | 0 | 0 | |a World law articles in english |h [Recurso electrn̤ico] |
| 256 | |a Servicio en ln̕ea | ||
| 260 | |a London : |b Mondaq, |c 2008 | ||
| 650 | 0 | 4 | |a Derecho internacional |
| 740 | 0 | |a vLex Revistas (Servicios en ln̕ea) | |
| 856 | 4 | 0 | |u http://vlex.com/source/1886 |z Acceso restringido |
| 942 | |c REV | ||
| 999 | 0 | |a International Law |b London | |